000 02257cam a22004937a 4500
003 CHAP
005 20240429114948.0
008 050526d2003 es r 00110 spa d
010 _a90344
011 _a91316
020 _a8441515069
035 _a101874
040 _cCHAP
082 0 4 _a001.6424
_bB47
100 0 0 _aBerlanga Blanco, Manuel.
_911820
245 1 0 _aRed Hat Linux 8
_c/por Manuel Berlanga Blanco, Jorge Miñana Estruch y Juan José Rodríguez Gutiérrez
260 _aMadrid :
_bAnaya multimedia,
_c2003.
300 _a334 p.
_b+ 2 discos compactos 4 3/4 plgs.
490 0 _aGuía práctica para usuarios
500 _aCD-1 y CD-2 Versión de evaluación de Red Hat Linux 8. Esta versión no es completa y no incluye servicios de soporte o actualización.
590 _aBATCH-UPD
_b10
_c20130110
590 _aBATCH-UPD
_b10
_c20130110
590 _aBATCH-UPD
_b10
_c20130410
590 _aBATCH-UPD
_b10
_c20130410
590 _aBATCH-UPD
_b10
_c20130914
590 _aBATCH-UPD
_b10
_c20130914
590 _aCONVERSION
_b10
_c20130109
650 1 4 _aLinux Red Hat.
_967013
650 1 4 _aSistemas operativos (Computadoras)
_9106775
700 0 _aMiñana Estruch, Jorge.
_976025
700 0 _aRogríguez Gutiérrez, Juan José.
_999082
830 0 0 _aGuía práctica para usuarios
_951497
901 _aBK
905 _aLilia
942 _cCD
_2ddc
949 _a001.6424 B47
_bBC
_cCD
_d33724002025918
_eCD
_fCD-2
_i101874
_sb
949 _a001.6424 B47
_bBC
_cCD
_d33724002025959
_eCD
_fc.2 CD-2
_gI.c/e
_i101874
_sb
949 _a001.6424 B47
_bBC
_cCD
_d33724002025991
_eCD
_fc.3 CD-2
_gI.c/e
_i101874
_sb
949 _a001.6424 B47
_bBC
_cCD
_d33724002026033
_eCD
_fCD-1
_gI.c/e
_i101874
_sb
949 _a001.6424 B47
_bBC
_cCD
_d33724002026074
_eCD
_fc.2 CD-1
_gI.c/e
_i101874
_sb
949 _a001.6424 B47
_bBC
_cLIBRO
_d33724000950465
_eLIBRO
_fc.3
_gI.c/e
_h105835
_i101874
_mIncluye 2 discos compactos 4 3/4 plgs. (CD. 1 y CD. 2)
_si
_t$174.00
949 _a001.6424 B47
_bBC
_cLIBRO
_d33724000950523
_eLIBRO
_gI.c/e
_h105833
_i101874
_mIncluye 2 discos compactos 4 3/4 plgs. (CD. 1 y CD. 2)
_sb
_t$174.00
949 _a001.6424 B47
_bBC
_cLIBRO
_d33724000950580
_eLIBRO
_fc.2
_gI.c/e
_h105834
_i101874
_mIncluye 2 discos compactos 4 3/4 plgs. (CD. 1 y CD. 2)
_si
_t$174.00
999 _c90344
_d90344